Training and supervision for counselling in action (Record no. 110142)
[ view plain ]
| 000 -LEADER | |
|---|---|
| fixed length control field | 01515nam a2200385 a 4500 |
| 082 04 - DEWEY DECIMAL CLASSIFICATION NUMBER | |
| Classification number | 158/.3/07 |
| 245 00 - TITLE STATEMENT | |
| Title | Training and supervision for counselling in action |
| 260 ## - PUBLICATION, DISTRIBUTION, ETC. (IMPRINT) | |
| Place of publication | London ; |
| -- | Newbury Park, Calif. : |
| Name of publisher | Sage, |
| Year of publication | 1991. |
| 300 ## - PHYSICAL DESCRIPTION | |
| Number of Pages | 182 p. : |
| Other physical details | ill. |
| 490 1# - SERIES STATEMENT | |
| Series statement | Counselling in action |
| 505 0# - FORMATTED CONTENTS NOTE | |
| Formatted contents note | pt. 1. Training -- pt. 2. Supervision -- pt. 3. Training counsellor trainers and supervisors. |
| 650 #0 - SUBJECT ADDED ENTRY--TOPICAL TERM | |
| Topical Term | Counseling |
| Topical Term | Counselors |
| 700 1# - ADDED ENTRY--PERSONAL NAME | |
| Personal name | Dryden, Windy. |
| Personal name | Thorne, Brian, |
| 856 40 - ELECTRONIC LOCATION AND ACCESS | |
| Uniform Resource Identifier | http://site.ebrary.com/lib/rucke/Doc?id=10369663 |
No items available.
